[Event "2. Bundesliga Ost 2015/2016"]
[Site "Wien"]
[Date "2016.02.20"]
[Round "5"]
[Board "1"]
[White "Chytilek, Roman"]
[Black "Videki, Sandor"]
[Result "0-1"]
[WhiteElo "2345"]
[BlackElo "2400"]
[PlyCount "108"]
[EventDate "2015.10.17"]
[EventType "team"]
[EventRounds "11"]
[EventCountry "AUT"]
[WhiteTeam "SV Stockerau"]
[BlackTeam "SC Data Technology Pressbaum/E."]

1. d4 d5 2. c4 c6 3. Nf3 Nf6 4. Nc3 e6 5. cxd5 exd5 6. Qc2 Na6 7. a3 Nc7 8. Bf4
Bd6 9. Bxd6 Qxd6 10. e3 O-O 11. Bd3 Qe7 12. h3 Nce8 13. O-O Nd6 14. Nd2 g6 15.
Rfe1 Re8 16. f3 Nh5 17. Nf1 Qg5 18. Qf2 Be6 19. g4 Ng7 20. Kh2 h5 21. f4 Qd8
22. Qg3 hxg4 23. hxg4 f5 24. Nd2 fxg4 25. Bxg6 Ndf5 26. Qxg4 Nh4 27. f5 Bxf5
28. Bxf5 Nhxf5 29. e4 Qd6+ 30. Kg2 Nh6 31. Qg3 Qxg3+ 32. Kxg3 dxe4 33. Ndxe4
Re6 34. d5 Rg6+ 35. Kh3 Nhf5 36. Rg1 Rh6+ 37. Kg4 Rf8 38. Rae1 Rh4+ 39. Kg5
Rh5+ 40. Kg4 cxd5 41. Nc5 Nh6+ 42. Kg3 Kh7 43. Kg2 Ngf5 44. Ne6 Nh4+ 45. Kg3
Rg8+ 46. Kf4 Rf5+ 47. Ke3 Rxg1 48. Rxg1 Re5+ 49. Kd3 Rxe6 50. Nxd5 Nf3 51. Rg3
Ne5+ 52. Kc2 Nf5 53. Rg5 Nd4+ 54. Kc3 Rc6+ 0-1

[Event "2. Bundesliga Ost 2015/2016"]
[Site "Wien"]
[Date "2016.02.20"]
[Round "5"]
[Board "2"]
[White "Rumpl, Erwin"]
[Black "Groetz, Harald"]
[Result "1/2-1/2"]
[WhiteElo "2334"]
[BlackElo "2282"]
[PlyCount "46"]
[EventDate "2015.10.17"]
[EventType "team"]
[EventRounds "11"]
[EventCountry "AUT"]
[WhiteTeam "SC Data Technology Pressbaum/E."]
[BlackTeam "SV Stockerau"]

1. Nf3 Nf6 2. g3 g6 3. b3 Bg7 4. Bb2 c5 5. c4 d6 6. Bg2 O-O 7. O-O Nc6 8. d4
cxd4 9. Nxd4 Bd7 10. Nc3 Rc8 11. Nd5 Nxd5 12. cxd5 Nxd4 13. Bxd4 Bxd4 14. Qxd4
Qa5 15. a4 Qc5 16. Rfd1 Qxd4 17. Rxd4 Rc3 18. Rb4 Rfc8 19. Be4 b6 20. Bd3 Rc1+
21. Rxc1 Rxc1+ 22. Kg2 Rc5 23. e4 h5 1/2-1/2

[Event "2. Bundesliga Ost 2015/2016"]
[Site "Wien"]
[Date "2016.02.20"]
[Round "5"]
[Board "3"]
[White "Stanivukovic, Drago"]
[Black "Neumeier, Klaus"]
[Result "0-1"]
[WhiteElo "1928"]
[BlackElo "2284"]
[PlyCount "90"]
[EventDate "2015.10.17"]
[EventType "team"]
[EventRounds "11"]
[EventCountry "AUT"]
[WhiteTeam "SV Stockerau"]
[BlackTeam "SC Data Technology Pressbaum/E."]

1. e4 c5 2. g3 Nc6 3. Bg2 g6 4. c3 Bg7 5. Ne2 e5 6. O-O Nge7 7. c4 O-O 8. Nbc3
d6 9. d3 a6 10. f4 Rb8 11. a4 f5 12. fxe5 Nxe5 13. Bg5 Nf7 14. Bxe7 Qxe7 15.
Nd5 Qe5 16. Rb1 fxe4 17. dxe4 Bg4 18. Ne3 Bd7 19. b3 b5 20. axb5 axb5 21. Qd5
bxc4 22. Nxc4 Qxd5 23. exd5 Bf5 24. Rxf5 gxf5 25. Nf4 Rb5 26. Ne6 Rfb8 27. Nxg7
Kxg7 28. Nd2 Rb4 29. Ra1 Rd4 30. Ra2 Kf6 31. Kf1 Ng5 32. Ke2 Re8+ 33. Kf2 Ne4+
34. Bxe4 fxe4 35. Nc4 Rxd5 36. Ra7 Re7 37. Ra6 Re6 38. Ke2 Rd3 39. Rb6 d5 40.
Nd6 Kg6 41. g4 Rh3 42. Kd2 e3+ 43. Ke1 Rxh2 44. Nc4 Rxb6 45. Nxb6 d4 0-1

[Event "2. Bundesliga Ost 2015/2016"]
[Site "Wien"]
[Date "2016.02.20"]
[Round "5"]
[Board "4"]
[White "Weissenbeck, Manuel"]
[Black "Schmid, Thomas"]
[Result "1-0"]
[WhiteElo "2246"]
[BlackElo "2123"]
[PlyCount "79"]
[EventDate "2015.10.17"]
[EventType "team"]
[EventRounds "11"]
[EventCountry "AUT"]
[WhiteTeam "SC Data Technology Pressbaum/E."]
[BlackTeam "SV Stockerau"]

1. d4 Nf6 2. Nf3 e6 3. c4 d5 4. Nc3 dxc4 5. Qa4+ c6 6. Qxc4 b5 7. Qb3 Be7 8. g3
Bb7 9. Bg2 a6 10. O-O Nbd7 11. Ng5 Qb6 12. Rd1 c5 13. d5 c4 14. Qc2 exd5 15.
Nxd5 Nxd5 16. Bxd5 Bxd5 17. Rxd5 h6 18. Nf3 Qe6 19. e4 O-O 20. Nd4 Qh3 21. Nf5
Nf6 22. Nxe7+ Kh8 23. Rf5 Rfe8 24. Rxf6 gxf6 25. Nf5 Qg4 26. Bf4 h5 27. Qc3 Qg6
28. Nd6 Re6 29. Rd1 Kh7 30. Rd5 h4 31. Qf3 hxg3 32. hxg3 Rd8 33. Rh5+ Kg8 34.
Rh4 Kf8 35. Rh8+ Ke7 36. Nf5+ Qxf5 37. exf5 Re1+ 38. Kg2 Rxh8 39. Qb7+ Kf8 40.
Qxa6 1-0

[Event "2. Bundesliga Ost 2015/2016"]
[Site "Wien"]
[Date "2016.02.20"]
[Round "5"]
[Board "5"]
[White "Schirmbeck, Hannes"]
[Black "Hechl, Gerald"]
[Result "1/2-1/2"]
[WhiteElo "2136"]
[BlackElo "2205"]
[PlyCount "40"]
[EventDate "2015.10.17"]
[EventType "team"]
[EventRounds "11"]
[EventCountry "AUT"]
[WhiteTeam "SV Stockerau"]
[BlackTeam "SC Data Technology Pressbaum/E."]

1. e4 e6 2. d4 d5 3. exd5 exd5 4. Nf3 Nc6 5. Bd3 Bd6 6. O-O Bg4 7. c3 Nge7 8.
b4 a6 9. Re1 Qd7 10. Bg5 f6 11. Bh4 O-O 12. Bg3 Nf5 13. Qc2 g6 14. Bxd6 Nxd6
15. Nbd2 Bf5 16. a4 Bxd3 17. Qxd3 Qf5 18. Qxf5 Nxf5 19. Nb3 Rf7 20. Nc5 Nd6
 1/2-1/2

[Event "2. Bundesliga Ost 2015/2016"]
[Site "Wien"]
[Date "2016.02.20"]
[Round "5"]
[Board "6"]
[White "Schmidrathner, Christian"]
[Black "Gajic, Zoran"]
[Result "1/2-1/2"]
[WhiteElo "2078"]
[BlackElo "2063"]
[PlyCount "28"]
[EventDate "2015.10.17"]
[EventType "team"]
[EventRounds "11"]
[EventCountry "AUT"]
[WhiteTeam "SC Data Technology Pressbaum/E."]
[BlackTeam "SV Stockerau"]

1. e4 c5 2. Nf3 Nc6 3. d4 cxd4 4. Nxd4 Nf6 5. Nc3 e5 6. Ndb5 d6 7. Bg5 a6 8.
Na3 b5 9. Nd5 Be7 10. Bxf6 Bxf6 11. c3 Be6 12. Nc2 Bxd5 13. Qxd5 Ne7 14. Qb3
O-O 1/2-1/2

[Event "2. Bundesliga Ost 2015/2016"]
[Site "Wien"]
[Date "2016.02.20"]
[Round "5"]
[Board "1"]
[White "Stanec, Nikolaus"]
[Black "Biolek, Richard Jr."]
[Result "1/2-1/2"]
[WhiteElo "2457"]
[BlackElo "2445"]
[PlyCount "71"]
[EventDate "2015.10.17"]
[EventType "team"]
[EventRounds "11"]
[EventCountry "AUT"]
[WhiteTeam "SC Donaustadt"]
[BlackTeam "SK Purbach"]

1. d4 Nf6 2. Nf3 g6 3. c3 Bg7 4. Bg5 d5 5. e3 Bf5 6. Bxf6 Bxf6 7. Bd3 Qd7 8.
O-O O-O 9. Bxf5 Qxf5 10. Nbd2 Nd7 11. Re1 Bg7 12. e4 dxe4 13. Nxe4 e6 14. Qb3
b6 15. a4 Nf6 16. Nxf6+ Bxf6 17. Qb5 Qd5 18. Qxd5 exd5 19. Ne5 Bxe5 20. Rxe5
Rfd8 21. Re7 Rac8 22. Rae1 Kf8 23. Kf1 a5 24. g4 g5 25. R1e5 h6 26. h3 Rd6 27.
Re3 c5 28. dxc5 Rxc5 29. Rb7 Rf6 30. Re5 Kg7 31. Kg2 Rc4 32. Rxd5 Rxa4 33. Rf5
Rxf5 34. gxf5 Rf4 35. Rxb6 Rxf5 36. b4 1/2-1/2

[Event "2. Bundesliga Ost 2015/2016"]
[Site "Wien"]
[Date "2016.02.20"]
[Round "5"]
[Board "2"]
[White "Stohl, Igor"]
[Black "Pingitzer, Harald"]
[Result "1-0"]
[WhiteElo "2485"]
[BlackElo "2304"]
[PlyCount "105"]
[EventDate "2015.10.17"]
[EventType "team"]
[EventRounds "11"]
[EventCountry "AUT"]
[WhiteTeam "SK Purbach"]
[BlackTeam "SC Donaustadt"]

1. d4 d5 2. c4 c6 3. Nf3 e6 4. e3 Nf6 5. b3 Nbd7 6. Bd3 Bd6 7. Bb2 O-O 8. O-O
b6 9. Nbd2 Bb7 10. Ne5 c5 11. cxd5 Bxd5 12. Ndc4 Be7 13. Qe2 Rc8 14. Rfd1 cxd4
15. Bxd4 Qc7 16. Qb2 Nc5 17. Bf1 Rfd8 18. Rac1 Qb8 19. f3 Ne8 20. b4 Nd7 21. e4
Bxc4 22. Nxc4 Bg5 23. Rb1 Nf8 24. Bf2 Ng6 25. g3 Bf6 26. Qe2 Bc3 27. a3 e5 28.
Bh3 Rxd1+ 29. Rxd1 Rd8 30. Ne3 Rxd1+ 31. Nxd1 Bd4 32. Bxd4 exd4 33. f4 Nc7 34.
Nf2 Qd8 35. Qc4 h5 36. Nd3 h4 37. e5 hxg3 38. hxg3 Nf8 39. Qc6 Nd5 40. Qd6 Qxd6
41. exd6 f5 42. Bxf5 Kf7 43. Ne5+ Kf6 44. d7 Nxd7 45. Bxd7 g5 46. Nd3 gxf4 47.
Nxf4 Nc3 48. Kf2 Nb1 49. a4 Nc3 50. Kf3 Ke7 51. Bb5 a6 52. Bxa6 Nxa4 53. Ke4
 1-0

[Event "2. Bundesliga Ost 2015/2016"]
[Site "Wien"]
[Date "2016.02.20"]
[Round "5"]
[Board "4"]
[White "Kummer, Helmut"]
[Black "Karlusch, Albrecht"]
[Result "1/2-1/2"]
[WhiteElo "2295"]
[BlackElo "2119"]
[PlyCount "77"]
[EventDate "2015.10.17"]
[EventType "team"]
[EventRounds "11"]
[EventCountry "AUT"]
[WhiteTeam "SK Purbach"]
[BlackTeam "SC Donaustadt"]

1. d4 d5 2. c4 c6 3. Nf3 Nf6 4. Nc3 e6 5. e3 Bd6 6. Bd3 Nbd7 7. O-O dxc4 8.
Bxc4 b5 9. Bd3 a6 10. e4 e5 11. Bc2 O-O 12. d5 c5 13. a4 b4 14. Ne2 c4 15. Bg5
a5 16. Ng3 Ba6 17. Nf5 Bc5 18. b3 cxb3 19. Bd3 Qb6 20. Bxf6 Qxf6 21. Bxa6 Rxa6
22. Qxb3 g6 23. Ne3 Ba7 24. Rac1 Nc5 25. Qc2 Qf4 26. Nd2 Nxa4 27. g3 Qh6 28.
Qxa4 Bxe3 29. fxe3 Qxe3+ 30. Rf2 Rf6 31. Rcf1 Rxf2 32. Rxf2 f5 33. Qc6 fxe4 34.
Qe6+ Kh8 35. Qxe5+ Kg8 36. Qe6+ Kh8 37. Qe5+ Kg8 38. Qe6+ Kh8 39. Qe5+ 1/2-1/2

[Event "2. Bundesliga Ost 2015/2016"]
[Site "Wien"]
[Date "2016.02.20"]
[Round "5"]
[Board "6"]
[White "Wiedermann, Daniel"]
[Black "Hofbauer, Peter"]
[Result "0-1"]
[WhiteElo "2135"]
[BlackElo "2036"]
[PlyCount "121"]
[EventDate "2015.10.17"]
[EventType "team"]
[EventRounds "11"]
[EventCountry "AUT"]
[WhiteTeam "SK Purbach"]
[BlackTeam "SC Donaustadt"]

1. d4 d5 2. c4 e6 3. Nc3 Nf6 4. Nf3 Be7 5. Bf4 O-O 6. e3 Nbd7 7. h3 c5 8. cxd5
exd5 9. Bd3 cxd4 10. exd4 b6 11. O-O Bb7 12. Re1 Bb4 13. Qb3 Bxc3 14. Qxc3 Ne4
15. Qa3 Qf6 16. Bh2 a6 17. Rac1 Rfc8 18. Bc2 b5 19. Qe3 Nf8 20. Ne5 Ne6 21. f3
Nd6 22. Ng4 Qd8 23. Qe5 Nc4 24. Qf5 Nf8 25. b3 Nd6 26. Qf4 Ne8 27. Ne5 Qf6 28.
Qe3 Ne6 29. Qd3 Qh4 30. g4 Ng5 31. f4 Ne4 32. Qf1 Nc3 33. Nf3 Qh6 34. Ng5 Qf6
35. Bxh7+ Kh8 36. Qd3 Ne4 37. Nxe4 dxe4 38. Bxe4 Bxe4 39. Qxe4 Rd8 40. Red1 Qb6
41. Rc6 Qa5 42. Qc2 Nf6 43. Qd2 b4 44. Rc4 Nd5 45. Re1 Qb6 46. f5 a5 47. Be5 f6
48. Bg3 a4 49. Re6 Qb7 50. g5 axb3 51. axb3 Nc3 52. gxf6 Ra2 53. fxg7+ Kg8 54.
Qxa2 Nxa2 55. Rc7 Qf3 56. Rg6 Qd1+ 57. Kg2 Qxd4 58. Rg4 Qd5+ 59. Kh2 Qxf5 60.
Bf4 Nc3 61. Rh4 0-1

[Event "2. Bundesliga Ost 2015/2016"]
[Site "Wien"]
[Date "2016.02.20"]
[Round "5"]
[Board "1"]
[White "Polak, Tomas"]
[Black "Baumegger, Siegfried"]
[Result "1/2-1/2"]
[WhiteElo "2525"]
[BlackElo "2466"]
[PlyCount "81"]
[EventDate "2015.10.17"]
[EventType "team"]
[EventRounds "11"]
[EventCountry "AUT"]
[WhiteTeam "SK Hietzing"]
[BlackTeam "tschaturanga"]

1. d4 Nf6 2. Nf3 d5 3. e3 e6 4. Bd3 c5 5. b3 Nc6 6. O-O Bd6 7. Bb2 O-O 8. Nbd2
b6 9. a3 Bb7 10. Ne5 Ne7 11. Qe2 Rc8 12. f4 b5 13. Bxb5 cxd4 14. Bxd4 Rxc2 15.
Bd3 Rc8 16. Bxa7 Ra8 17. Bd4 Bxa3 18. Ng4 Nd7 19. Nf3 Nf5 20. Ng5 Be7 21. Rxa8
Bxa8 22. Nf3 Nxd4 23. Nxd4 Qb6 24. Bc2 Bb7 25. Ra1 Rc8 26. h3 Nf6 27. Ne5 Bb4
28. Ra4 Bd6 29. Nef3 Ne4 30. Bxe4 dxe4 31. Nd2 Rc1+ 32. Kf2 Qd8 33. g3 Bd5 34.
Nc4 Bc5 35. Qd2 Rb1 36. Qc2 Rh1 37. Kg2 Re1 38. Qd2 Rb1 39. Qc2 Re1 40. Qd2 Rb1
41. Qc2 1/2-1/2

[Event "2. Bundesliga Ost 2015/2016"]
[Site "Wien"]
[Date "2016.02.20"]
[Round "5"]
[Board "2"]
[White "Wukits, Rene"]
[Black "Vyskocil, Neklan"]
[Result "0-1"]
[WhiteElo "2333"]
[BlackElo "2364"]
[PlyCount "60"]
[EventDate "2015.10.17"]
[EventType "team"]
[EventRounds "11"]
[EventCountry "AUT"]
[WhiteTeam "tschaturanga"]
[BlackTeam "SK Hietzing"]

1. d4 Nf6 2. c4 e6 3. Nc3 Bb4 4. e3 O-O 5. Bd3 d5 6. Nf3 c5 7. O-O dxc4 8. Bxc4
Nbd7 9. Qe2 a6 10. dxc5 Nxc5 11. Rd1 Qe7 12. Nb1 b5 13. Bd3 Nxd3 14. Rxd3 Bb7
15. a3 Bd6 16. Nc3 Ne4 17. Nxe4 Bxe4 18. Rd4 Bxf3 19. Qxf3 Be5 20. Rd2 Rac8 21.
Qd1 Rfd8 22. Rb1 Rxd2 23. Qxd2 Rd8 24. Qe2 Qd6 25. f4 Qd1+ 26. Kf2 Bf6 27. Qxd1
Rxd1 28. e4 e5 29. g3 h5 30. b3 h4 0-1

[Event "2. Bundesliga Ost 2015/2016"]
[Site "Wien"]
[Date "2016.02.20"]
[Round "5"]
[Board "3"]
[White "Penz, Harald"]
[Black "Sadilek, Peter"]
[Result "1-0"]
[WhiteElo "2329"]
[BlackElo "2280"]
[PlyCount "79"]
[EventDate "2015.10.17"]
[EventType "team"]
[EventRounds "11"]
[EventCountry "AUT"]
[WhiteTeam "SK Hietzing"]
[BlackTeam "tschaturanga"]

1. e4 d6 2. d4 Nf6 3. Bd3 e5 4. c3 d5 5. dxe5 Nxe4 6. Bxe4 dxe4 7. Qxd8+ Kxd8
8. Bf4 Nd7 9. Ne2 Nc5 10. Nc1 b6 11. O-O Bb7 12. Re1 Ne6 13. Be3 g5 14. Nb3 Bg7
15. Nd4 Nf4 16. Bxf4 gxf4 17. Nd2 Bxe5 18. Nxe4 Rg8 19. Rad1 Kc8 20. Nf5 Rf8
21. Nc5 bxc5 22. Rxe5 a5 23. Rxc5 Ra6 24. Nd6+ Kb8 25. Nxb7 Kxb7 26. f3 Re8 27.
Kf2 Rae6 28. Rd2 Re5 29. Rc4 Rf5 30. b3 c5 31. Re4 Rxe4 32. fxe4 Rh5 33. h3 Kc6
34. Kf3 c4 35. bxc4 Rc5 36. Rd4 Rg5 37. Rd2 Rg3+ 38. Kxf4 Rxc3 39. e5 Rxc4+ 40.
Kf5 1-0

[Event "2. Bundesliga Ost 2015/2016"]
[Site "Wien"]
[Date "2016.02.20"]
[Round "5"]
[Board "4"]
[White "Matt, Fabian"]
[Black "Todor, Razvan"]
[Result "1-0"]
[WhiteElo "2276"]
[BlackElo "2153"]
[PlyCount "61"]
[EventDate "2015.10.17"]
[EventType "team"]
[EventRounds "11"]
[EventCountry "AUT"]
[WhiteTeam "tschaturanga"]
[BlackTeam "SK Hietzing"]

1. Nf3 Nc6 2. d4 d5 3. Bf4 Bg4 4. e3 e6 5. c3 Bd6 6. Bg3 Nge7 7. Bd3 Ng6 8.
Nbd2 O-O 9. Qc2 Re8 10. Ne5 Bxe5 11. dxe5 Ncxe5 12. Bxe5 Nxe5 13. Bxh7+ Kh8 14.
Bd3 c6 15. O-O Nxd3 16. Qxd3 e5 17. e4 dxe4 18. Qxe4 Qxd2 19. Qxg4 Qxb2 20.
Rab1 Qxa2 21. Rxb7 Kg8 22. h4 Qe6 23. Qa4 Qf6 24. Re1 a5 25. Rc7 Re6 26. Qe4 a4
27. Ra1 a3 28. Rxa3 Qd8 29. Qf5 Qd1+ 30. Kh2 Rf8 31. Ra8 1-0

[Event "2. Bundesliga Ost 2015/2016"]
[Site "Wien"]
[Date "2016.02.20"]
[Round "5"]
[Board "5"]
[White "Wagner, Stefan"]
[Black "Kreindl, Helmut"]
[Result "0-1"]
[WhiteElo "2145"]
[BlackElo "2229"]
[PlyCount "82"]
[EventDate "2015.10.17"]
[EventType "team"]
[EventRounds "11"]
[EventCountry "AUT"]
[WhiteTeam "SK Hietzing"]
[BlackTeam "tschaturanga"]

1. c4 e6 2. g3 d5 3. Bg2 Nf6 4. Nf3 Be7 5. O-O O-O 6. b3 a5 7. Bb2 a4 8. d3
axb3 9. axb3 Rxa1 10. Bxa1 c6 11. Nbd2 b6 12. Qb1 Bb7 13. e4 c5 14. Re1 d4 15.
b4 Qc7 16. e5 Nfd7 17. b5 Rc8 18. h4 Nf8 19. Qd1 Nbd7 20. Qe2 Ra8 21. Bb2 Ra2
22. Bc1 Qb8 23. Ng5 Bxg2 24. Kxg2 Bxg5 25. hxg5 Ng6 26. f4 Ne7 27. g4 Ng6 28.
Rf1 Rc2 29. Qe4 Qa7 30. Kg3 Qa2 31. f5 exf5 32. gxf5 Ngxe5 33. f6 Rxd2 34. Bxd2
Qxd2 35. Qa8+ Nf8 36. fxg7 Qxd3+ 37. Kg2 Kxg7 38. Qd5 Nfg6 39. Qd6 Nh4+ 40. Kh2
Ng4+ 41. Kg1 Qe3+ 0-1

[Event "2. Bundesliga Ost 2015/2016"]
[Site "Wien"]
[Date "2016.02.20"]
[Round "5"]
[Board "6"]
[White "Leitner, Gerald"]
[Black "Stadler, Peter"]
[Result "0-1"]
[WhiteElo "2216"]
[BlackElo "2142"]
[PlyCount "68"]
[EventDate "2015.10.17"]
[EventType "team"]
[EventRounds "11"]
[EventCountry "AUT"]
[WhiteTeam "tschaturanga"]
[BlackTeam "SK Hietzing"]

1. d4 Nf6 2. Nf3 g6 3. c4 Bg7 4. Nc3 d5 5. Qb3 dxc4 6. Qxc4 O-O 7. e4 a6 8. e5
b5 9. Qb3 Nfd7 10. e6 fxe6 11. h4 Nf6 12. Be3 Qd6 13. Be2 Nc6 14. O-O-O Rb8 15.
Ng5 Na5 16. Qc2 b4 17. Nce4 b3 18. axb3 Nxb3+ 19. Kb1 Qb4 20. Bc4 Nd5 21. Rd3
Na5 22. Ba2 Qb6 23. Bd2 Nc6 24. Rb3 Ncb4 25. Bxb4 Nxb4 26. Qe2 Qxd4 27. h5 Rb6
28. hxg6 hxg6 29. Qg4 Nxa2 30. Qh4 Qxb2+ 31. Rxb2 Rxb2+ 32. Ka1 Rbxf2+ 33. Kb1
Rb2+ 34. Ka1 Rxg2+ 0-1

[Event "2. Bundesliga Ost 2015/2016"]
[Site "Wien"]
[Date "2016.02.21"]
[Round "6"]
[Board "1"]
[White "Jankovic, Alojzije"]
[Black "Baumegger, Siegfried"]
[Result "1-0"]
[WhiteElo "2559"]
[BlackElo "2466"]
[PlyCount "45"]
[EventDate "2015.10.17"]
[EventType "team"]
[EventRounds "11"]
[EventCountry "AUT"]
[WhiteTeam "SK Advisory Invest Baden"]
[BlackTeam "tschaturanga"]

1. d4 Nf6 2. c4 e6 3. Nf3 d5 4. Nc3 dxc4 5. e3 a6 6. Bxc4 b5 7. Bb3 Bb7 8. O-O
c5 9. e4 cxd4 10. Nxd4 Nbd7 11. Re1 Ne5 12. Bd5 Qb6 13. Bf4 Nfd7 14. Nf3 Nxf3+
15. Qxf3 exd5 16. Nxd5 Bxd5 17. exd5+ Kd8 18. d6 Rc8 19. Be3 Qxd6 20. Rad1 Qc6
21. Qxf7 Bd6 22. Bg5+ Kc7 23. Rxd6 1-0

[Event "2. Bundesliga Ost 2015/2016"]
[Site "Wien"]
[Date "2016.02.21"]
[Round "6"]
[Board "2"]
[White "Sadilek, Peter"]
[Black "Juenger, Heinz"]
[Result "1-0"]
[WhiteElo "2280"]
[BlackElo "2123"]
[PlyCount "91"]
[EventDate "2015.10.17"]
[EventType "team"]
[EventRounds "11"]
[EventCountry "AUT"]
[WhiteTeam "tschaturanga"]
[BlackTeam "SK Advisory Invest Baden"]

1. d4 Nf6 2. c4 g6 3. Nc3 d5 4. Nf3 Bg7 5. Bg5 Ne4 6. Bh4 Nxc3 7. bxc3 dxc4 8.
e3 Be6 9. Be2 O-O 10. O-O c5 11. Ng5 Bd5 12. e4 h6 13. exd5 hxg5 14. Bxg5 cxd4
15. Bxc4 dxc3 16. Re1 Bf6 17. Bxf6 exf6 18. Rc1 Qd6 19. Rxc3 Nd7 20. Qb1 Nb6
21. Re6 Qf4 22. Re4 Qd2 23. Rd3 Nxc4 24. Rxc4 Qa5 25. Rd1 Rad8 26. Qxb7 Rfe8
27. g3 Qxa2 28. Rc7 Qe2 29. Rf1 Rf8 30. Qxa7 Rxd5 31. Rxf7 Rxf7 32. Qa8+ Kg7
33. Qxd5 Re7 34. Rd1 Qe6 35. Qd8 Qe2 36. Rd4 g5 37. h4 Rb7 38. Kg2 Qe7 39. Qc8
Rc7 40. Qg4 Kh6 41. Re4 Qc5 42. hxg5+ fxg5 43. Re6+ Kg7 44. Qe4 Kg8 45. Re5 Qc1
46. Re8+ 1-0

[Event "2. Bundesliga Ost 2015/2016"]
[Site "Wien"]
[Date "2016.02.21"]
[Round "6"]
[Board "3"]
[White "Dzierzenga, Stefan"]
[Black "Matt, Fabian"]
[Result "1/2-1/2"]
[WhiteElo "2186"]
[BlackElo "2276"]
[PlyCount "61"]
[EventDate "2015.10.17"]
[EventType "team"]
[EventRounds "11"]
[EventCountry "AUT"]
[WhiteTeam "SK Advisory Invest Baden"]
[BlackTeam "tschaturanga"]

1. e4 c5 2. Nf3 e6 3. d4 cxd4 4. Nxd4 a6 5. Nc3 Qb6 6. Nb3 Qc7 7. g3 Nf6 8. Bg2
d6 9. a4 Be7 10. a5 Nbd7 11. O-O Rb8 12. Qe2 O-O 13. f4 b5 14. axb6 Nxb6 15.
Na5 d5 16. exd5 Nfxd5 17. Nxd5 Nxd5 18. Kh1 Bb4 19. Nb3 Bb7 20. c3 Bxc3 21.
bxc3 Nxc3 22. Qc2 Bxg2+ 23. Kxg2 Qb7+ 24. Rf3 Rfc8 25. Na5 Qa8 26. Qd3 h5 27.
Nc4 Nd5 28. Bd2 h4 29. gxh4 Ne7 30. Kf2 Nf5 31. Rg1 1/2-1/2

[Event "2. Bundesliga Ost 2015/2016"]
[Site "Wien"]
[Date "2016.02.21"]
[Round "6"]
[Board "4"]
[White "Leitner, Gerald"]
[Black "Zojer, Stefan"]
[Result "1-0"]
[WhiteElo "2216"]
[BlackElo "2109"]
[PlyCount "120"]
[EventDate "2015.10.17"]
[EventType "team"]
[EventRounds "11"]
[EventCountry "AUT"]
[WhiteTeam "tschaturanga"]
[BlackTeam "SK Advisory Invest Baden"]

1. d4 Nf6 2. c4 g6 3. Nc3 Bg7 4. e4 d6 5. Nf3 O-O 6. h3 e5 7. d5 Nbd7 8. Bg5 a5
9. g4 Nc5 10. Nd2 Qe8 11. Rg1 Kh8 12. Qf3 Ng8 13. Qg2 f6 14. Be3 Qf7 15. O-O-O
f5 16. exf5 gxf5 17. f3 Bd7 18. Be2 Na4 19. Ndb1 Ne7 20. Rdf1 Nxc3 21. Nxc3 c6
22. Bg5 b5 23. Bxe7 Qxe7 24. dxc6 Bxc6 25. cxb5 Bb7 26. Bd3 f4 27. Be4 Rac8 28.
Kb1 Rxc3 29. bxc3 d5 30. Bf5 e4 31. fxe4 dxe4 32. Rxf4 Bxc3 33. Qc2 Qe5 34. a4
Qc5 35. Rd1 Qb4+ 36. Ka2 Qc4+ 37. Qb3 Qe2+ 38. Kb1 Be5 39. Rff1 Bd5 40. Rxd5
Qxf1+ 41. Qd1 Qf4 42. Rd8 Rxd8 43. Qxd8+ Kg7 44. Qd7+ Kf8 45. Qc8+ Kg7 46. Qb7+
Kf8 47. Qxe4 Qf1+ 48. Kc2 Qf2+ 49. Kd3 Qf1+ 50. Qe2 Qxh3+ 51. Ke4 Qc3 52. Qd1
Bc7 53. Qd4 Qc2+ 54. Kd5 Qg2+ 55. Kc5 Qb7 56. Qf6+ Ke8 57. Qh8+ Kf7 58. Qxh7+
Kf8 59. Qh6+ Kf7 60. Qg6+ Kf8 1-0

[Event "2. Bundesliga Ost 2015/2016"]
[Site "Wien"]
[Date "2016.02.21"]
[Round "6"]
[Board "5"]
[White "Herndlbauer, Martin"]
[Black "Morgunov, Daniel"]
[Result "0-1"]
[WhiteElo "2084"]
[BlackElo "2109"]
[PlyCount "82"]
[EventDate "2015.10.17"]
[EventType "team"]
[EventRounds "11"]
[EventCountry "AUT"]
[WhiteTeam "SK Advisory Invest Baden"]
[BlackTeam "tschaturanga"]

1. e4 c5 2. Nf3 Nc6 3. d4 cxd4 4. Nxd4 e5 5. Nb5 a6 6. Nd6+ Bxd6 7. Qxd6 Qe7 8.
Qd1 Nf6 9. Nc3 d6 10. Bg5 Be6 11. g3 h6 12. Bxf6 Qxf6 13. Bg2 O-O 14. O-O Rac8
15. Nd5 Bxd5 16. exd5 Nb8 17. Qe2 Qg6 18. c4 Nd7 19. Rac1 f5 20. b4 Qf6 21. Rc3
e4 22. Rfc1 Ne5 23. a3 Nd3 24. R1c2 Qe5 25. Qe3 a5 26. bxa5 g5 27. f3 Rce8 28.
fxe4 Nc5 29. Rf2 fxe4 30. Rxf8+ Rxf8 31. Rc1 Kg7 32. Bh3 Rf3 33. Qe2 Qd4+ 34.
Kh1 Rf2 35. Qh5 e3 36. Qe8 Ne4 37. Rb1 Rf7 38. Be6 Nxg3+ 39. hxg3 Qe4+ 40. Kh2
Rf2+ 41. Kh3 Qg2+ 0-1

[Event "2. Bundesliga Ost 2015/2016"]
[Site "Wien"]
[Date "2016.02.21"]
[Round "6"]
[Board "6"]
[White "Morgunov, Marc"]
[Black "Hofegger, Jakob"]
[Result "0-1"]
[WhiteElo "1886"]
[BlackElo "1990"]
[PlyCount "82"]
[EventDate "2015.10.17"]
[EventType "team"]
[EventRounds "11"]
[EventCountry "AUT"]
[WhiteTeam "tschaturanga"]
[BlackTeam "SK Advisory Invest Baden"]

1. e4 e6 2. d4 d5 3. Nd2 dxe4 4. Nxe4 Nf6 5. Bd3 Nbd7 6. Nf3 Be7 7. O-O O-O 8.
c3 b6 9. Qc2 Bb7 10. Nfg5 h6 11. Nxf6+ Nxf6 12. Ne4 Qd7 13. Bf4 Rfd8 14. Rad1
Rac8 15. f3 Nd5 16. Bd2 Nf6 17. Bc1 Qe8 18. Nxf6+ Bxf6 19. Be4 Bd5 20. Be3 b5
21. b3 Qc6 22. Bf2 a5 23. Bd3 Qd7 24. Qe2 Rb8 25. c4 bxc4 26. bxc4 Bc6 27. Be4
Qe8 28. Rfe1 Rb4 29. a3 Rb3 30. d5 exd5 31. cxd5 Bb5 32. Qc2 Rb2 33. Bh7+ Kh8
34. Rxe8+ Rxe8 35. Qc1 Ree2 36. Rf1 Kxh7 37. Qc5 Rxf2 38. Qxf2 Rxf2 39. Rxf2
Bd4 40. g4 Bc4 41. Kg2 Bxf2 0-1

[Event "2. Bundesliga Ost 2015/2016"]
[Site "Wien"]
[Date "2016.02.21"]
[Round "6"]
[Board "1"]
[White "Biolek, Richard Jr."]
[Black "Polak, Tomas"]
[Result "1/2-1/2"]
[WhiteElo "2445"]
[BlackElo "2525"]
[PlyCount "64"]
[EventDate "2015.10.17"]
[EventType "team"]
[EventRounds "11"]
[EventCountry "AUT"]
[WhiteTeam "SK Purbach"]
[BlackTeam "SK Hietzing"]

1. e4 e6 2. d4 d5 3. Nc3 Nf6 4. Bg5 dxe4 5. Nxe4 Be7 6. Bxf6 gxf6 7. Qd3 b6 8.
O-O-O Bb7 9. Nc3 c6 10. f4 f5 11. Nf3 Nd7 12. Be2 Rg8 13. g3 Bf6 14. Rhg1 Qe7
15. Ne5 O-O-O 16. Qc4 Bxe5 17. fxe5 Kb8 18. Bf3 Rc8 19. a4 a6 20. Ne2 c5 21.
Bxb7 Kxb7 22. Kb1 cxd4 23. Qxd4 Nc5 24. Qb4 Qc7 25. a5 Rgd8 26. Nc3 b5 27. Rxd8
Rxd8 28. Re1 Rd7 29. g4 fxg4 30. Qxg4 Ka7 31. Qg1 Kb7 32. Qe3 Qc6 1/2-1/2

[Event "2. Bundesliga Ost 2015/2016"]
[Site "Wien"]
[Date "2016.02.21"]
[Round "6"]
[Board "2"]
[White "Penz, Harald"]
[Black "Stohl, Igor"]
[Result "1/2-1/2"]
[WhiteElo "2329"]
[BlackElo "2485"]
[PlyCount "40"]
[EventDate "2015.10.17"]
[EventType "team"]
[EventRounds "11"]
[EventCountry "AUT"]
[WhiteTeam "SK Hietzing"]
[BlackTeam "SK Purbach"]

1. e4 c5 2. c3 Nf6 3. e5 Nd5 4. Bc4 Nb6 5. Bb3 c4 6. Bc2 Nc6 7. Nf3 Qc7 8. O-O
Nxe5 9. Nxe5 Qxe5 10. Re1 Qc7 11. a4 e6 12. a5 Nd5 13. d3 cxd3 14. Qxd3 Be7 15.
g3 d6 16. Bd2 Nf6 17. Na3 Bd7 18. Nb5 Bxb5 19. Qxb5+ Qd7 20. Qd3 O-O 1/2-1/2